| 000 | 00350nam a2200133Ia 4500 | ||
|---|---|---|---|
| 008 | 240624s9999 xx 000 0 und d | ||
| 041 | _aeng | ||
| 082 | _a158.7 STE | ||
| 100 | _aSTEIN STEVEN J | ||
| 245 | _aMAKE YOUR WORKPLACE GREAT THE 7 KEYS TO | ||
| 260 |
_c2007 _aSan Francisco _bJossey-Bass |
||
| 300 | _ax, : 314 : p. : cm. ; 23 | ||
| 365 |
_c _b28 |
||
| 999 |
_c7846 _d7846 |
||